000 00678nam a2200241 i 4500
001 C2-0123714
003 PPAK
005 20180727114545.0
008 970903s1993 io a|||| ||||| | may d
020 _a9835373811
040 _aPPAK
_beng
_cPPAK
_erda
082 0 4 _a741.5
_223
090 0 0 _a741.5
_bIMP
_dG
245 0 0 _aImpian dari Paviliun Merah 2
264 1 _aJakarta, Indonesia :
_bPT Elex Media Komputindo ,
_c1993
300 _axi, 304 pages :
_billustrations ;
_c21 cm
336 _2rdacontent
_atext
337 _2rdamedia
_aunmediated
338 _2rdacarrier
_avolume
650 1 0 _aComic books, strips, etc.
700 1 _aLow, C.C.,
_eeditor
942 _ddc
_cB
999 _c36194
_d36194